[Event "ROM-ch U20 Girls"]
[Site "Calimanesti"]
[Date "2014.04.08"]
[Round "3"]
[White "Nevednicii, Alexandra"]
[Black "Anton, Roxana Ana"]
[Result "1/2-1/2"]
[WhiteElo "1720"]
[BlackElo "1836"]
[PlyCount "64"]
[EventDate "2014.04.06"]
[EventType "tourn"]
[EventRounds "10"]
[EventCountry "ROU"]
[SourceTitle "CBM 160 Extra"]
[Source "ChessBase"]
[SourceDate "2014.07.01"]
[SourceVersion "1"]
[SourceVersionDate "2014.07.01"]
[SourceQuality "1"]

1. e4 c5 2. Nf3 a6 3. d4 cxd4 4. Nxd4 Nf6 5. Bd3 e5 6. Ne2 d5 7. exd5 Qxd5 8. 0-0 Bc5 9. Nbc3 Qc6 10. Ng3 0-0 11. Nge4 Bd4 12. Nxf6+ Qxf6 13. Ne4 Qg6 14. Ng5 Bf5 15. Bxf5 Qxf5 16. Nf3 Ba7 17. Qd5 Nc6 18. c3 Rad8 19. Qc4 e4 20. Nd2 Rfe8 21. Nb3 Qg4 22. Be3 Ne5 23. Qb4 Nf3+ 24. Kh1 Nh4 25. Rg1 Bxe3 26. fxe3 b5 27. Nd4 Rd5 28. Qb3 Rh5 29. Qd1 Qg5 30. Qe2 Qh6 31. h3 Rg5 32. Raf1 Qd6 1/2-1/2